Vplyv daní na finančné hospodárenie vybranej obce (mesta) diplomová práca

Uložené v:
Podrobná bibliografia
Hlavný autor: Dopjera, Andrej
Korporativný autor: Národohospodárska fakulta EU. Katedra financií
Ďalší autori: Neubauerová, Erika, 1968-
Médium: Kniha
Jazyk:Slovak
Vydavateľské údaje: Bratislava 2015
Tagy: Pridať tag
Žiadne tagy, Buďte prvý, kto otaguje tento záznam!

MARC

LEADER 00000nbm a2200000 4500
001 0202513
005 20161212095412.0
041 0 |a slo 
044 |a SK 
245 1 0 |a Vplyv daní na finančné hospodárenie vybranej obce (mesta)  |b diplomová práca  |c Andrej Dopjera ; školiteľ: Erika Neubauerová 
264 1 |a Bratislava  |c 2015 
300 |a 63 s. 
100 1 |a Dopjera, Andrej 
700 1 |a Neubauerová, Erika, 1968- 
710 2 |a Národohospodárska fakulta EU. Katedra financií